Представление документа в формате RUSMARC

Поле Инд. ПП Название Значение
Тип записи a
Библиографический уровень a
001 Контрольный номер a51476c56f5548c89230cd4e870b5ebf
005 Дата корректировки 20181120134548.4
100 a Данные общей обработки 20180904 ||| 0rusy0189 ca
101 0_ a Язык текста rus
102 a Страна публикации RU
200 1_ f Первые сведения об ответственности М.В. Шмелева
a Заглавие Определение целей (задач) эффективной системы государственных закупок
210 d Дата издания 2018
461 _0 1 2000
a Финансовое право
463 _0 1 2000
a №2
v С. 20-24
1 2101
d 2018
1 001662ad391b15f4a32892a2b4af8f96c79
606 a Основная рубрика Гражданское и торговое право
610 0_ a Ключевые слова ГОСУДАРСТВЕННЫЕ ЗАКУПКИ
700 _1 a Фамилия Шмелева
b Имя М.В.
801 _0 a Страна RU
b Организация РГУП
c Дата составления 20180904
g Правила каталогизации PSBO
801 _1 a Страна RU
b Организация РГУП
c Дата составления 20180904
g Правила каталогизации PSBO
901 t Тип документа b
w Контрольный № источника 662ad391b15f4a32892a2b4af8f96c79
905 a Дата ввода 20180904